• 首页
  • 本馆介绍
  • 公告通知
  • 最新文献
  • 馆藏检索
  • 电子资源
  • 读者导购
  • 参考咨询
  • 我的图书馆
  • 登录
  • 详细信息显示
  • 放入我的书架
  • 预约/预借图书
  • 作者相关作品
  • 分类相关作品
  • 丛书相关作品
  • 出版社相关作品

书目信息

  • 表格格式
  • 工作单格式
  • 卡片格式
题名:
干制果蔬生产技术
    
 
作者: 孙术国 主编
分册:  
出版信息: 北京   化学工业出版社  2009.5
页数: 199页
开本: 20cm
丛书名:
单 册:
中图分类: TS255.3
科图分类:
主题词: 水果加工--干制 , 蔬菜加工--干制
电子资源:
ISBN: 978-7-122-04894-3
000 01034nam0 2200241 45
001 1356793171
005 20130514160204.76
010    @a978-7-122-04894-3@dCNY22.00
100    @a20130108d2009 em y0chiy0110 ea
101 0  @achi
102    @aCN@b110000
105    @aak z 000yy
106    @ar
200 1  @a干制果蔬生产技术@AGan Zhi Guo Shu Sheng Chan Ji Shu@f孙术国主编@FSun Shu Guo Zhu Bian
210    @a北京@c化学工业出版社@d2009.5
215    @a199页@c图表@d20cm
330    @a本书是一本全面介绍果蔬的干制技术的实用指南,既总结了国内外相关企业广泛适用的干制技术,又介绍了14种水果、19种蔬菜的68例生产实例;生产工艺和原理从选料、原料处理、工艺流程和操作要点,到最终的果蔬渣等废弃物的再加工利用全部收入书中;干制果蔬产品实例,既选取了近年来市场上新兴流行品种,如苹果脆片、花生脆枣、纸蔬菜,又包括了较传统的水果干、蔬菜干、果蔬脯等。
606 0  @a水果加工@x干制
606 0  @a蔬菜加工@x干制
690    @aTS255.3@v5
701  0 @a孙术国@ASun Shu Guo@4主编
801    @aCN@bTANGWEI@c20130108
905    @b0829446-50@dTS255.3@e159@f5
    
    干制果蔬生产技术/孙术国主编.-北京:化学工业出版社,2009.5
    199页:图表;20cm
    
    
    ISBN 978-7-122-04894-3:CNY22.00
    本书是一本全面介绍果蔬的干制技术的实用指南,既总结了国内外相关企业广泛适用的干制技术,又介绍了14种水果、19种蔬菜的68例生产实例;生产工艺和原理从选料、原料处理、工艺流程和操作要点,到最终的果蔬渣等废弃物的再加工利用全部收入书中;干制果蔬产品实例,既选取了近年来市场上新兴流行品种,如苹果脆片、花生脆枣、纸蔬菜,又包括了较传统的水果干、蔬菜干、果蔬脯等。
●
相关链接 在E读中查询图书 在五车中查询图书 在当当中查询图书 在豆瓣中查询图书


正题名:干制果蔬生产技术     索取号:TS255.3/159         预约/预借

序号 登录号 条形码 馆藏地/架位号 状态 备注
1 0829446   208294460   第二样本阅览室/ [索取号:TS255.3/159] 在馆    
2 0829447   208294479   第三借阅区/ [索取号:TS255.3/159] 在馆    
3 0829448   208294488   第三借阅区/ [索取号:TS255.3/159] 在馆    
4 0829449   208294497   第三借阅区/ [索取号:TS255.3/159] 在馆    
5 0829450   208294503   第三借阅区/ [索取号:TS255.3/159] 在馆    
唐山师范学院图书馆 欢迎您!
大连网信软件有限公司© 版权所有